LEADER 01069nam a2200325 i 4500 001 991000930289707536 005 20020507180053.0 008 940725s1984 us ||| | eng 020 $a0387909729 035 $ab10777386-39ule_inst 035 $aLE01304484$9ExL 040 $aDip.to Matematica$beng 082 0 $a514.322 084 $aAMS 54-01 084 $aAMS 54-XX 084 $aLC QA611.D48613 100 1 $aDixmier, Jacques$041130 245 10$aGeneral topology /$cJacques Dixmier 260 $aNew York ; Berlin :$bSpringer-Verlag,$cc1984 300 $ax, 140 p. ;$c24 cm 490 0 $aUndergraduate texts in mathematics,$x0172-6056 500 $aIncludes index 500 $aTit. orig.: Topologie Generale 650 0$aTopology 907 $a.b10777386$b14-03-17$c28-06-02 912 $a991000930289707536 945 $aLE013 54-XX DIX11 (1984)$g1$i2013000001326$lle013$o-$pE0.00$q-$rl$s- $t0$u2$v0$w2$x0$y.i10876443$z28-06-02 996 $aGeneral Topology$9344488 997 $aUNISALENTO 998 $ale013$b01-01-94$cm$da $e-$feng$gus $h0$i1 LEADER 01100nam a2200253 i 4500 001 991003181809707536 008 080115s2007 it 001 0 ita d 020 $a9788813263782 035 $ab13644683-39ule_inst 040 $aDip.to Studi Giuridici$bita 082 0 $a342.45066$220 245 00$aCommentario alla legge sul procedimento amministrativo :$bl. n. 241 del 1990 e successive modificazioni /$cAnna Bottiglieri ... [et al.] ; a cura di Solveig Cogliani 250 $a2. ed 260 $aPadova :$bCEDAM,$c2007 300 $axxiii, 993 p. ;$c25 cm 650 04$aProcedimento amministrativo$xLegislazione$xCommentari 700 1 $aBottiglieri, Anna$eauthor$4http://id.loc.gov/vocabulary/relators/aut$0252005 700 1 $aCogliani, Solveig 907 $a.b13644683$b28-01-14$c15-01-08 912 $a991003181809707536 945 $aLE027 342.45 COG01.02$g1$i2027000169528$lle027$o-$pE80.00$q-$rn$so $t0$u8$v3$w8$x0$y.i1464941x$z15-01-08 996 $aCommentario alla legge sul procedimento amministrativo$91463850 997 $aUNISALENTO 998 $ale027$b15-01-08$cm$da $e-$fita$git $h0$i0